Statistics for Cities Beginning With "B" on a Map

Click here to take the quiz!

General Stats

  • This quiz has been taken 72,934 times
  • The average score is 19 of 30

Answers on the Map

Answers color-coded by a green-red scale on the quiz's map according to % correct below.
 

Answer Stats

City% Correct
Boston
91%
Berlin
89%
Brasilia
88%
Barcelona
87%
Brussels
87%
Beijing
86%
Buenos Aires
86%
Birmingham
83%
Bogota
83%
Budapest
79%
Bangkok
78%
Baghdad
76%
Bucharest
76%
Brisbane
75%
Beirut
68%
Belgrade
68%
Baltimore
64%
Baku
62%
Bordeaux
61%
Bologna
54%
Bergen
51%
Brazzaville
48%
Bengaluru
47%
Bloemfontein
46%
Busan
46%
Bamako
44%
Belo Horizonte
40%
Belem
24%
Barranquilla
22%
Bandung
19%

Score Distribution

Percentile by Number Answered

Percent of People with Each Score

Your Score History

You have not taken this quiz